000 01012nam0a22002651 4500
001 rc\1055372
005 20250622093617.0
035 _a(NLR Aleph) 006216433
090 _a6423037
_c6423037
100 _a20041129d1980 |||y0rusy50 ca
101 0 _arus
102 _aRU
105 _aa |||||||||
200 1 _aБиохимические свойства скелетных мышц и сухожилий
_eМетод. разраб. для студентов ин-тов физкультуры
210 _aМ.
_cГЦОЛИФК
_d1980 (вып. дан. 1981)
215 _a64 с.
_cил.
_d20
300 _aВ надзаг.: Гос. центр. ин-т физ. культуры
320 _aБиблиогр.: с. 52-63 (226 назв.)
700 1 _aАруин
_bА.С.
_gАлександр Семенович
701 1 _aЗациорский
_bВ.М.
_gВладимир Михайлович
801 0 _aRU
_bNLR
_gpsbo
801 1 _aRU
_bELAR
_2rusmarc
852 _aNLR
_j82-4/4632
942 _cBOOK
980 _aNB